000 01857cam a22004097a 4500
003 CHAP
005 20220329133901.0
008 971013s1953 us a r 00010 eng d
010 _a12240
011 _a13212
035 _a17283
040 _cCHAP
082 0 4 _a595.76
_bH38
100 0 0 _aHatch, Melville Harrison.
_953064
245 1 4 _aThe beetles of the Pacific Northwest
260 _aSeattle :
_bUniversity of Washington,
_c1953-71
300 _a5 v.
_b: ilus.
490 0 _aUniv. of Washington Publication in Biology
_v; 16
505 0 _aContenido: v.1 Introduction and Adepagha.- v.2 Staphyliniformiav.3 Pselaphidae and diversicorniaI.- v.4 Macrodactyles. Palpicornes, and Heteromera. v.5 Rhipiceroidea, Sternoxi, Phytophaga, Rhynchopora, and Lamellicornia
590 _aBATCH-UPD
_b10
_c20130109
_lUCH01
_h2312
590 _aBATCH-UPD
_b10
_c20130110
_lUCH01
_h2110
590 _aBATCH-UPD
_b10
_c20130410
_lUCH01
_h1421
590 _aBATCH-UPD
_b10
_c20130914
_lUCH01
_h1007
590 _aCONVERSION
_b10
_c20130109
_lUCH01
_h1308
650 1 4 _aColeópteros.
_925123
830 0 _aUniv. of Washington Publication in Biology
_v; 16
_9116276
901 _aBK
942 _cLIBRO
949 _a595.76 H38
_bBC
_cLIBRO
_d33724000369443
_eLIBRO
_fv.1
_h27103
_i17283
_si
949 _a595.76 H38
_bBC
_cLIBRO
_d33724000369450
_eLIBRO
_fv.2
_h27104
_i17283
_si
949 _a595.76 H38
_bBC
_cLIBRO
_d33724000369468
_eLIBRO
_fv.2 c.2
_h27105
_i17283
_si
949 _a595.76 H38
_bBC
_cLIBRO
_d33724000369476
_eLIBRO
_fv.3
_h27106
_i17283
_si
949 _a595.76 H38
_bBC
_cLIBRO
_d33724000369484
_eLIBRO
_fv.3 c.2
_h27107
_i17283
_si
949 _a595.76 H38
_bBC
_cLIBRO
_d33724000369492
_eLIBRO
_fv.3 c.3
_h27108
_i17283
_si
949 _a595.76 H38
_bBC
_cLIBRO
_d33724000369500
_eLIBRO
_fv.4
_h27109
_i17283
_si
949 _a595.76 H38
_bBC
_cLIBRO
_d33724000885588
_eLIBRO
_fv.5
_h16380
_i17283
_si
999 _c12240
_d12240